| 000 | 00843nam a2200289 a 4500 | ||
|---|---|---|---|
| 008 | |||
| 020 | _a9780070701229(pbk.) | ||
| 049 | _aMAIN | ||
| 090 |
_aQA931 _bTIM |
||
| 100 | 1 | _aTimoshenko, Stephen. | |
| 245 | 1 | 0 |
_aTheory of elasticity / _c S.P. Timoshenko and J.N. Goodier. |
| 250 | _a3rd ed. | ||
| 260 |
_aNew York : _bMcGraw-Hill, _cc1970. |
||
| 300 |
_axxiv, 567 p. : _bill. ; _c21 cm. |
||
| 440 | 0 | _aEngineering societies monographs | |
| 504 | _aIncludes bibliographical references. | ||
| 500 | _aIncludes index. | ||
| 650 | 0 | _aElasticity. | |
| 650 | 0 | _aStrains and stresses. | |
| 650 | 0 | _aStrength of materials. | |
| 700 | 1 | _aGoodier, J. N. | |
| 907 |
_a.b1001231x _b17-12-18 _c17-04-03 |
||
| 003 | |||
| 005 | 20230123141057.0 | ||
| 040 | _cNUST | ||
| 942 |
_cBOOKS _kQA931 _mTIM |
||
| 999 |
_c167247 _d167247 |
||